| 000 | 00787nam a22001337a 4500 | ||
|---|---|---|---|
| 040 | _cRUA | ||
| 082 | _aVEM EAM 2014 Bb459 Or.1 | ||
| 100 | _aEAM SOKHENG ; អ៊ាម សុខហេង | ||
| 245 | _aStudy on gumboro disease of local chicken and their antibodies by using ha and hi-test at royal university of agriculture , សិក្សាលើជំងឺហ្គុំប៉ូរ៉ូរបស់មាន់ស្រែ និងអង់ទីគ័ររបស់វាតាមរយៈHa and Hi-test នៅសាកលវិទ្យាល័យភូមិន្ទកសិកម្ម | ||
| 260 |
_aPhnom Penh _bRUA _c2014 |
||
| 300 |
_ax ;37p. _bill. _c29cm. |
||
| 856 | _uhttps://drive.google.com/file/d/1H4J7J8umWKE4d6rFeGYGYAgJIen7dlVt/view?usp=sharing | ||
| 942 | _cVEM | ||
| 999 |
_c7571 _d7571 |
||